000 00337nam a22001457a 4500
008 221003b ||||| |||| 00| 0 eng d
020 _a9781429219563
041 _aeng
080 _2Third edition
_a541
082 _a541
100 _a13.2
101 _aKIMI
245 _aTechniques in organic chemistry
_cMOHRIG J
942 _2udc
_cBK
999 _c58327
_d58327